000 01797nam0a2200337 4500
001 RU\NLR\bibl\1970042
005 20260412042518.0
021 _aRU
_b2012-84297
_96239
035 _a(NLR Aleph) 001958899
090 _a3797933
_c3797933
100 _a20121122d2012 u y0rusy50 ca
101 0 _arus
102 _aRU
105 _aa |||||||||
200 1 _aСовременное состояние и перспективы развития беспилотных авиационных систем XXI века
_e(аналитический обзор по материалам зарубежных источников)
_fГос. науч. центр Рос. Федерации, Гос. НИИ авиац. систем (ФГУП "ГосНИИАС"), Науч.-информ. центр
_gсост. О.С. Титков
_gпод общ. ред. РАН Е.А. Федосова
210 _aМосква
_cНаучно-информационный центр ГосНИИАС
_d2012
215 _a195 с.
_cцв. ил.
_d26
320 _aБиблиогр.: с. 191-193 (63 назв.)
606 _aБеспилотные летательные аппараты
_92333652
_3RU\NLR\auth\661395349
686 _aО636
702 1 _aТитков
_bО. С.
_4220
702 1 _4340
_7ca
_8rus
_aФедосов
_bЕ. А.
_cд-р техн. наук
_f1929-2025
_gЕвгений Александрович
_941228
_3RU\NLR\AUTH\7758296
712 0 2 _4570
_aГосударственный НИИ авиационных систем
_bНаучно-информационный центр
_cМосква
_9557920
_3RU\NLR\AUTH\8810029672
801 0 _aRU
_bNLR
_c20121122
_gRCR
801 1 _aRU
_bNLR
_c20121122
830 _aпо эк
942 _cBOOK
980 _aNBR
980 _aNB